Handbook of biochemistry. Selected data for molecular biology
Uloženo v:
| Hlavní autor: | |
|---|---|
| Médium: | Kniha |
| Jazyk: | angličtina |
| Vydáno: |
Cleveland
The Chemical Rubber
1968
|
| Témata: | |
| Tagy: |
Přidat tag
Žádné tagy, Buďte první, kdo vytvoří štítek k tomuto záznamu!
|
MARC
| LEADER | 00000nam a2200000 a 4500 | ||
|---|---|---|---|
| 001 | UCU8022 | ||
| 003 | CL-VaPUC | ||
| 008 | 960712e19680000US |||||||||||||||||eng|d | ||
| 082 | 0 | 4 | |a 660.03 |b SOB |2 21 |
| 100 | 0 | |a Sober, Herbert A |e author |9 367213 | |
| 245 | 1 | 0 | |a Handbook of biochemistry. Selected data for molecular biology |
| 300 | |a 550 p | ||
| 942 | |c BK | ||
| 945 | |d 19960712 00:00:00 |a paguirre | ||
| 260 | |a Cleveland |b The Chemical Rubber |c 1968 | ||
| 650 | 0 | |a Tecnología química |9 263002 | |
| 650 | 0 | |a Manuales |9 257144 | |
| 650 | 7 | |a MATERIALES DE REFERENCIA |2 CL-VaPUC |9 362402 | |
| 650 | 0 | |a Microbiología |9 259706 | |
| 583 | |a last modification |c 19960712 00:00:00 |k Rodrigo Vera | ||
| 999 | |c 250558 |d 250556 | ||
| 952 | |0 0 |1 0 |4 0 |6 660_030000000000000_SOB_1968 |7 0 |8 F |9 268747 |a BIBING |b BIBING |d 2019-11-19 |i 1707469 |o 660.03 SOB 1968 |p 1707469 |r 2025-01-20 |w 2019-11-19 |y BK_F |k EIB | ||